| 000 | 00370nam a22001577a 4500 | ||
|---|---|---|---|
| 003 | SGT | ||
| 020 | _a978-93-82963-00-4 | ||
| 082 |
_a616.994 _bG13S |
||
| 100 | _aSENGAR, MANJU | ||
| 245 | _aGUIDELINES FOR MULTIPLE MYELOMA PART- B | ||
| 250 | _a1ST | ||
| 260 |
_aMUMBAI , INDIA _bTATA MEMORIAL CENTER _c2013 |
||
| 300 | _a152 | ||
| 650 | _aCANCER | ||
| 942 |
_2ddc _cBK |
||
| 999 |
_c8182 _d8182 |
||